| 000 | 00678nam a2200205Ii 4500 | ||
|---|---|---|---|
| 003 | JO-AjNU | ||
| 008 | 230605s9999||||xx |||||||||||||| ||und|| | ||
| 040 |
_aJO-AjNU _bara _erda _cJO-AjNU |
||
| 041 | _aara | ||
| 050 | 1 | 4 | _aJC348.A2834.1971 |
| 100 | 3 |
_aأبو دياب ،فوزي, _eauthor _940606 |
|
| 245 | 0 | 0 | _aالمفاهيم الحديثة للأنظمة والحياة السياسية |
| 250 | _a(د،ط) | ||
| 264 | 3 | 1 | _aبيروت : دار النهضة العربية 1971 |
| 300 | _a221ص | ||
| 336 |
_atext _btxt _2rdacontent |
||
| 337 |
_aunmediated _bn _2rdamedia |
||
| 338 |
_avolume _bnc _2rdacarrier |
||
| 650 | 4 |
_aعلوم سياسية - فلسفة _940607 |
|
| 999 |
_aA17247 _c20815 _d20815 |
||